000 01273nam a22003857a 4500
003 CHAP
005 20220329133400.0
008 971013s1990 r 00010 d
010 _a5728
011 _a6700
035 _a5922
040 _cCHAP
082 _a574.5
_bR8
100 0 0 _aRuiz de la Concha, Bertha.
_9100641
245 _aDesarrollo y medio ambiente en México
_b: diagnóstico, 1990
260 _aMéxico, D.F. :
_bFundación Universo Veintiuno,
_c1990
300 _a165 p.
_b: ilus.
500 _a59-118
590 _aBATCH-UPD
_b10
_c20130110
_lUCH01
_h0039
590 _aBATCH-UPD
_b10
_c20130110
_lUCH01
_h0904
590 _aBATCH-UPD
_b10
_c20130409
_lUCH01
_h2024
590 _aBATCH-UPD
_b10
_c20130410
_lUCH01
_h0531
590 _aBATCH-UPD
_b10
_c20130913
_lUCH01
_h2327
590 _aCONVERSION
_b10
_c20130109
_lUCH01
_h1304
650 1 4 _aAgua
_xContaminación.
_92351
650 1 4 _aAire
_xContaminación.
_93138
650 1 4 _aEcología
_xLeyes.
_935149
650 1 4 _aMedio ambiente.
_974065
650 1 4 _aMedio ambiente
_xProtección.
_974106
650 1 4 _aSuelos
_xContaminación.
_9110327
650 1 4 _aVida silvestre
_xConservación.
_9119166
901 _aBK
942 _cLIBRO
949 _a574.5 R8
_bBC
_cLIBRO
_d33724000661740
_eLIBRO
_h82576
_i5922
_si
999 _c5728
_d5728